Текст томруулах:    
The logging business management handbook (Бичлэгийн дугаар. 146046)
000 -УДИРДЛАГА
Удирдлага 00826nam a22002777a 4500
003 - ХЯНАЛТЫН ТОО ТОДОРХОЙЛОГЧ
Код MN-UlNUM
005 - БИЧИЛТ ХИЙСЭН ОГНОО
Тухайн бичилтийг бичсэн засварласан сүүлийн огноо 20260102105504.0
008 - ЕРӨНХИЙ МЭДЭЭЛЭЛ
Ерөнхий мэдээлэл 260102s1982 caua|||| |||| 00| 0 eng |
020 ## - ISBN
ISBN 0879301465
040 ## - БИЧЛЭГ ҮҮСГЭГЧ БАЙГУУЛЛАГА
Бичлэг үүсгэгч номын сангийн код МУИС-ийн номын сан
084 ## - ББК АНГИЛАЛ
Нэмэлт тусгалт Гарын авлага
ББК ангилал 65.290-2
Зохиогчийн гурван тэмдэгт M 14
Мэдлэгийн ялгаа 65 - Эдийн засаг
100 1# - ЗОХИОГЧ
Зохиогчийн нэр Macklin, Ronald R.
245 14 - ҮНДСЭН ГАРЧИГ
Номын нэр The logging business management handbook
Оролцогчдын тухай мэдээ Ronald R. Macklin.
260 ## - ГАРАЛТЫН МЭДЭЭ
Хэвлэгдсэн газар San Francisco :
Хэвлэлийн газар Miller Freeman Publications,
Хэвлэгдсэн он 1982.
300 ## - МАТЕРИАЛЫН ТОДОРХОЙЛОЛТ
хуудасны тоо 176 p. :
Бусад тоон мэдээлэл ill. ;
Хэмжээ 23 cm.
500 ## - Тайлбар
Дансны дугаар БС 4804
546 ## - ХЭЛНИЙ ТУХАЙ МЭДЭЭ
Хэл Англи хэл дээр,
653 ## - Түлхүүр үг
Түлхүүр үг lumber trade
653 ## - Түлхүүр үг
Түлхүүр үг management
740 ## - НОМЫН ГАРЧИГ
Гарчиг Structuring Your Business
740 ## - НОМЫН ГАРЧИГ
Гарчиг Money Sources
740 ## - НОМЫН ГАРЧИГ
Гарчиг The Evolution of a Logging Business
740 ## - НОМЫН ГАРЧИГ
Гарчиг Understanding Depreciation and the Investment Tax Credit
942 ## - ЭЛЕМЕНТИЙН ТӨРӨЛ
Зүйлийн төрөл Ном